|
|
|
|
| LEADER |
00000nam a2200000 a 4500 |
| 001 |
vtls008301518 |
| 003 |
SK-MaSNL |
| 005 |
20260301020057.0 |
| 008 |
240315s2005 xo f 000 0 slo |
| 015 |
|
|
|a SNBA2005/12-05142
|
| 020 |
|
|
|a 8071497436
|q (brož.)
|c 210,00 Sk
|
| 035 |
|
|
|a E4B6FD3B-B81F-4716-8844-6D39E2C1D770
|
| 035 |
|
|
|a urn:nbn:sk:snk-amje1s
|
| 035 |
|
|
|a urn:nbn:sk:snk-am000xpm
|
| 040 |
|
|
|a SNK
|b slo
|c SNK
|e AACR2
|
| 041 |
0 |
|
|a slo
|
| 044 |
|
|
|a xo
|c SK
|
| 072 |
|
7 |
|a 321
|x Politológia
|2 konspekt
|
| 080 |
|
|
|a 329.18
|2 1997
|
| 080 |
|
|
|a 316.323.72
|2 1997
|
| 080 |
|
|
|a (0:82-4)
|2 1997
|
| 080 |
|
|
|a 321.64
|2 1997
|
| 100 |
1 |
|
|a Zálešák, Tomáš,
|d 1967-
|4 aut
|9 103390
|
| 245 |
1 |
0 |
|a Diablova práca
|b úvahy o totalitarizme
|c Tomáš Zálešák
|
| 250 |
|
|
|a 1. vyd.
|
| 260 |
|
|
|a Bratislava
|b Kalligram
|c 2005
|
| 300 |
|
|
|a 199 s.
|c 18 cm
|
| 504 |
|
|
|a Bibliogr. s. 196-199
|
| 650 |
0 |
7 |
|a totalitarizmus
|2 SNKPH
|9 3784
|
| 650 |
0 |
7 |
|a totalitné režimy
|2 SNKPH
|9 4698
|
| 650 |
0 |
7 |
|a fašizmus
|2 SNKPH
|9 4834
|
| 650 |
0 |
7 |
|a komunizmus
|2 SNKPH
|9 2152
|
| 655 |
|
7 |
|a úvahy
|2 SNKPH
|9 29403
|
| 919 |
|
|
|a 80-7149-743-6
|
| 968 |
|
|
|d 32
|
| 999 |
|
|
|c 562187
|d 564117
|
| 952 |
|
|
|a SNK
|b SNK
|y VYP
|7 0
|p 17A0485256
|o snkSD 75136 D1
|i snk2005/16571
|8 0
|0 0
|1 0
|4 0
|d 2005-10-07
|l 0
|r 2017-06-30 00:00:00
|w 2026-02-23
|
| 952 |
|
|
|a SNK
|b SNK
|y PREZ
|7 0
|p 17A0485255
|o snkSD 75136
|i snk2005/16570
|8 0
|0 0
|1 0
|4 0
|d 2005-10-07
|l 0
|r 2025-11-24 00:00:00
|w 2026-02-23
|